Cognitive development (Record no. 1384389)

MARC details
000 -LEADER
fixed length control field 00640nam a2200229Ia 4500
005 - DATE AND TIME OF LATEST TRANSACTION
control field 20250508163624.0
008 - FIXED-LENGTH DATA ELEMENTS--GENERAL INFORMATION
fixed length control field 008 250505s9999 xx 000 0 eng d
020 ## - INTERNATIONAL STANDARD BOOK NUMBER
International Standard Book Number 0-13-034356-0
037 ## - SOURCE OF ACQUISITION
Stock number TextBook
040 ## - CATALOGING SOURCE
Original cataloging agency FEDL
Language of cataloging eng
Transcribing agency FEDL
041 ## - LANGUAGE CODE
Language code of text/sound track or separate title eng
Source of code eng
084 ## - COLON CLASSIFICATION NUMBER
Classification number 153.4, FLA
Assigning agency FEDL
100 ## - MAIN ENTRY--PERSONAL NAME
Personal name Flavell John H
245 #0 - TITLE STATEMENT
Title Cognitive development
250 ## - EDITION STATEMENT
Edition statement 3
260 ## - PUBLICATION, DISTRIBUTION, ETC.
Place of publication, distribution, etc. London, UK
Name of publisher, distributor, etc. Prentice - Hall International, Inc.
Date of publication, distribution, etc. 1993
300 ## - PHYSICAL DESCRIPTION
Extent vii,408p
650 ## - SUBJECT ADDED ENTRY--TOPICAL TERM
Topical term or geographic name entry element Psychology; Knowledge
700 ## - ADDED ENTRY--PERSONAL NAME
Personal name Miller Patricia H Miller Scott A
9 (RLIN) 775801
942 ## - ADDED ENTRY ELEMENTS (KOHA)
Koha item type Textbook
Classification part 153.4, FLA
Holdings
Withdrawn status Lost status Damaged status Not for loan Home library Current library Date acquired Total Checkouts Full call number Barcode Date last seen Price effective from Koha item type
        Department of Education Library Department of Education Library 2025-05-08   153.4, FLA EL0077849 2025-05-08 2025-05-08 Textbook
Copyright @ Delhi University Library System